Seis países más cercanos: Portugal - Estadísticas

Estadísticas generales
  • Esta prueba ha sido intentada 136 veces
  • La puntuación promedio es 5 de 6
Estadísticas de respuestas
km país % Correcto
0 España
100%
412 Francia
92%
202 Marruecos
88%
637 Andorra
75%
879 Reino Unido
58%
520 Argelia
45%
No se encontraron pruebas coincidentes
Distribución de puntuación
Porcentaje de gente con cada puntuación
Porcentaje por número respondido
Historial de tus puntuaciones
No has intentado esta prueba.